000 00704nam a22002297a 4500
001 BR9403599
003 BR-BrBNA
005 20230928094223.0
007 ta
008 230509b bl.||||| |||| 00| 0 por d
040 _aBR-BrBNA
_bpor
_cBiblioteca Nacional de Agricultura
041 _a(Por)
072 _aE14
090 _ E14 BR9403599
110 1 _aProjeto Nordeste, Recife, PE (Brasil)
_98080
245 1 _aProjeto Nordeste. Sintese do relatorio final do grupo 2. Instrumento: desenvolvimento comunitario/organizacao de produtores
260 3 _aRecife, PE (Brasil):
_c1983.
300 _a19 p.
650 _aProjeto de Desenvolvimento
909 _a202309
_bLucia
_c55
_dLucia Elande
942 _cBK
999 _c49493
_d49493